000 00577nam a22002052 4500
001 0000021310
005 20151217152229.0
008 120313s xx 000 0 eng d
020 _a8120405851 :
040 _aKABU
_cKABU
100 1 _aRao, T. V.
_@0000151774
245 1 0 _aReadings in human resource development /
_cT. V. Rao.
250 _a1st ed.
260 _aNew Delhi :
_bIBH,
_c1991.
300 _av, 433 p.
650 0 _aPersonnel management.
_@0000150761
852 1 _9p3180 KES
908 _a120313
950 _@1
999 _c9631
_d9631